Statistics for Cities by Other Cities in Urban Area Quiz #2

Click here to take the quiz!

General Stats

  • This quiz has been taken 15 times
  • The average score is 13 of 20

Answer Stats

Other CitiesPopulationCity% Correct
Bonn, Wuppertal5.00 milCologne/Düsseldorf
100%
Toledo, Windsor5.75 milDetroit
100%
Baltimore8.55 milWashington, D.C.
100%
Nova Iguaçu, São Gonçalo13.20 milRio de Janeiro
93%
San Justo, La Plata16.40 milBuenos Aires
86%
Bhiwandi, Kalyan, Thane, etc.25.10 milMumbai
79%
Allentown, Trenton7.35 milPhiladelphia
79%
Central Coast5.30 milSydney
79%
Ogden, Provo2.45 milSalt Lake City
71%
Sharjah5.35 milDubai
64%
Bergamo6.20 milMilan
64%
Karaj15.30 milTehran
64%
Jinjiang, Quanzhou10.00 milXiamen
64%
Bien Hoa8.60 milHo Chi Minh City
57%
Xianyang6.95 milXi'an
50%
Klang8.90 milKuala Lumpur
43%
Pimpri-Chinchwad6.90 milPune
36%
Chaozhou, Jieyang, Puning7.65 milShantou
29%
Haora16.80 milKolkata
21%
Katowice2.35 milUpper Silesia
21%

Score Distribution

Percentile by Number Answered

Percent of People with Each Score

Your Score History

You have not taken this quiz